00965nam a2200277 a 4500008004100000020003200041040002500073041001300098044001100111080001200122100002700134245012800161250001300289260004900302300002800351490003100379500002200410700002700432700002800459700002900487700002400516700002800540958000600568999001700574952009600591951212s1977||||[C 0 slo c c18 Kčs. q(20000 výtl.) aSNKbslocSNKeAACR21 aslohcze axocSK a885.0-31 aMAJEROVÁ, Marie4aut10aZaviata láskacMarie MAJEROVÁ ; Marie Majerová, Ladislav Jánsky, Jiří Hájek, Pavel Blažo, Miloš Urbásek a1., vyd. aBratislavabTatranc1977eVimperkfStráž a215 s., 11,64 AHc21 cm0 aSvetová tvorbavZv. 123. aIlustr. na front.1 aMajerová, Marie4aut1 aJánsky, Ladislav4trl1 aHájek, Jiří4[ADC]1 aBlažo, Pavel4bkd1 aUrbásek, Miloš4bkd aA c12210d12210 001040708Ka10000b10000d2019-11-29g18.00i11508oB 5634r2019-11-29w2019-11-29yKLDO